<?xml version="1.0" encoding="UTF-8"?>
<record
    xmlns:xsi="http://www.w3.org/2001/XMLSchema-instance"
    xsi:schemaLocation="http://www.loc.gov/MARC21/slim http://www.loc.gov/standards/marcxml/schema/MARC21slim.xsd"
    xmlns="http://www.loc.gov/MARC21/slim">

  <leader>01040nam a22002897a 4500</leader>
  <controlfield tag="003">OSt</controlfield>
  <controlfield tag="005">20260504083808.0</controlfield>
  <controlfield tag="008">260504b        |||||||| |||| 00| 0 eng d</controlfield>
  <datafield tag="010" ind1=" " ind2=" ">
    <subfield code="a">2013023379</subfield>
  </datafield>
  <datafield tag="020" ind1=" " ind2=" ">
    <subfield code="a">9780525954217</subfield>
    <subfield code="q">(hardcover)</subfield>
  </datafield>
  <datafield tag="040" ind1=" " ind2=" ">
    <subfield code="a">DLC</subfield>
    <subfield code="b">eng</subfield>
    <subfield code="c">DLC</subfield>
    <subfield code="d">DLC</subfield>
  </datafield>
  <datafield tag="050" ind1=" " ind2=" ">
    <subfield code="a">PN 2287</subfield>
    <subfield code="b">.O275 .A3 2013</subfield>
  </datafield>
  <datafield tag="100" ind1=" " ind2=" ">
    <subfield code="a">Offerman, Nick,</subfield>
    <subfield code="d">1970-</subfield>
  </datafield>
  <datafield tag="245" ind1=" " ind2=" ">
    <subfield code="a">Paddle your own canoe :</subfield>
    <subfield code="b">one man's fundamentals for delicious living /</subfield>
    <subfield code="c">Nick Offerman.</subfield>
  </datafield>
  <datafield tag="250" ind1=" " ind2=" ">
    <subfield code="a">1ST ED.</subfield>
  </datafield>
  <datafield tag="260" ind1=" " ind2=" ">
    <subfield code="a">New York :</subfield>
    <subfield code="b">Dutton,</subfield>
    <subfield code="c">2013</subfield>
  </datafield>
  <datafield tag="300" ind1=" " ind2=" ">
    <subfield code="a">334 pages :</subfield>
    <subfield code="b">illustrations ;</subfield>
    <subfield code="c">24 cm.</subfield>
  </datafield>
  <datafield tag="504" ind1=" " ind2=" ">
    <subfield code="a">Includes index.</subfield>
  </datafield>
  <datafield tag="520" ind1=" " ind2=" ">
    <subfield code="a">The actor known for his role as Ron Swanson shares his principles for living, covering topics from woodworking and meat to love and manliness</subfield>
  </datafield>
  <datafield tag="600" ind1=" " ind2=" ">
    <subfield code="a">Offerman, Nick,</subfield>
    <subfield code="d">1970-</subfield>
  </datafield>
  <datafield tag="650" ind1=" " ind2=" ">
    <subfield code="a">Conduct of life</subfield>
  </datafield>
  <datafield tag="650" ind1=" " ind2=" ">
    <subfield code="a">Actors</subfield>
    <subfield code="v">Biography.</subfield>
    <subfield code="z">United States </subfield>
  </datafield>
  <datafield tag="650" ind1=" " ind2=" ">
    <subfield code="a">Carpenters</subfield>
    <subfield code="v">Biography.</subfield>
    <subfield code="z">United States </subfield>
  </datafield>
  <datafield tag="655" ind1=" " ind2=" ">
    <subfield code="2">lcgft</subfield>
    <subfield code="a">Autobiographies.</subfield>
  </datafield>
  <datafield tag="655" ind1=" " ind2=" ">
    <subfield code="2">lcgft</subfield>
    <subfield code="a">Humorous works</subfield>
  </datafield>
  <datafield tag="942" ind1=" " ind2=" ">
    <subfield code="2">lcc</subfield>
    <subfield code="c">BK</subfield>
    <subfield code="e">1st ed.</subfield>
    <subfield code="n">0</subfield>
  </datafield>
  <datafield tag="999" ind1=" " ind2=" ">
    <subfield code="c">10119</subfield>
    <subfield code="d">10119</subfield>
  </datafield>
  <datafield tag="952" ind1=" " ind2=" ">
    <subfield code="0">0</subfield>
    <subfield code="1">0</subfield>
    <subfield code="2">lcc</subfield>
    <subfield code="4">0</subfield>
    <subfield code="7">0</subfield>
    <subfield code="a">MAIN</subfield>
    <subfield code="b">33421</subfield>
    <subfield code="d">2026-05-04</subfield>
    <subfield code="l">0</subfield>
    <subfield code="o">PN 2287 .O275 .A3 2013</subfield>
    <subfield code="p">PIUDLMUR1092</subfield>
    <subfield code="r">2026-05-04 08:39:18</subfield>
    <subfield code="w">2026-05-04</subfield>
    <subfield code="y">BK</subfield>
  </datafield>
</record>
